Modernity at large : (Record no. 18)

MARC details
000 -LEADER
campo de control de longitud fija 01739fam a2200433 a 4500
001 - NÚMERO DE CONTROL
campo de control 1927451
003 - IDENTIFICADOR DE NÚMERO DE CONTROL
campo de control 000013
005 - FECHA Y HORA DE LA ÚLTIMA TRANSACCIÓN
campo de control 20220326193245.0
008 - DATOS DE LONGITUD FIJA--INFORMACIÓN GENERAL
campo de control de longitud fija 960531s1996 mnu b 001 0 eng
010 ## - NÚMERO DE CONTROL DE LA BIBLIOTECA DEL CONGRESO
Número de control de LC 96009276
020 ## - NÚMERO INTERNACIONAL ESTÁNDAR DEL LIBRO
Número Internacional Estándar del Libro 0816627924
020 ## - NÚMERO INTERNACIONAL ESTÁNDAR DEL LIBRO
Número Internacional Estándar del Libro 0816627932 (pbk.)
024 30 - IDENTIFICADOR DE OTROS ESTÁNDARES
Número estándar o código 9780816627936
Códigos adicionales siguiendo el número estándar o código 90000
035 ## - NÚMERO DE CONTROL DEL SISTEMA
Número de control de sistema (OCoLC)34894343
035 ## - NÚMERO DE CONTROL DEL SISTEMA
Número de control de sistema (OCoLC)ocm34894343
035 ## - NÚMERO DE CONTROL DEL SISTEMA
Número de control de sistema (NNC)1927451
040 ## - FUENTE DE CATALOGACIÓN
Centro catalogador/agencia de origen DLC
Centro/agencia transcriptor DLC
Centro/agencia modificador NNC
-- OrLoB-B
050 00 - SIGNATURA TOPOGRÁFICA DE LA BIBLIOTECA DEL CONGRESO
Número de clasificación HM101
Número de ítem .A644 1996
082 00 - NÚMERO DE LA CLASIFICACIÓN DECIMAL DEWEY
Número de clasificación 306
Número de ítem AP646m
Número de edición 20
100 1# - ENTRADA PRINCIPAL--NOMBRE DE PERSONA
Nombre de persona Appadurai, Arjun,
Fechas asociadas al nombre 1949-
9 (RLIN) 110
245 10 - MENCIÓN DEL TÍTULO
Título Modernity at large :
Resto del título cultural dimensions of globalization /
Mención de responsabilidad, etc. Arjun Appadurai.
260 ## - PUBLICACIÓN, DISTRIBUCIÓN, ETC.
Lugar de publicación, distribución, etc. Minneapolis :
Nombre del editor, distribuidor, etc. University of Minnesota Press,
Fecha de publicación, distribución, etc. c1996.
300 ## - DESCRIPCIÓN FÍSICA
Extensión xi, 229 p. ;
Dimensiones 23 cm.
490 1# - MENCIÓN DE SERIE
Mención de serie Public worlds ;
Designación de volumen o secuencia v. 1
504 ## - NOTA DE BIBLIOGRAFÍA, ETC.
Nota de bibliografía, etc. Includes bibliographical references and index.
505 00 - NOTA DE CONTENIDO CON FORMATO
Información miscelánea 1.
Título Here and Now --
Información miscelánea 2.
Título Disjuncture and Difference in the Global Cultural Economy --
Información miscelánea 3.
Título Global Ethnoscapes: Notes and Queries for a Transnational Anthropology --
Información miscelánea 4.
Título Consumption, Duration, and History --
Información miscelánea 5.
Título Playing with Modernity: The Decolonization of Indian Cricket --
Información miscelánea 6.
Título Number in the Colonial Imagination --
Información miscelánea 7.
Título Life after Primordialism --
Información miscelánea 8.
Título Patriotism and Its Futures --
Información miscelánea 9.
Título The Production of Locality.
600 ## - PUNTO DE ACCESO ADICIONAL DE MATERIA--NOMBRE DE PERSONA
Nombre de persona Arjun Appadurai
9 (RLIN) 111
650 #0 - PUNTO DE ACCESO ADICIONAL DE MATERIA--TÉRMINO DE MATERIA
Término de materia o nombre geográfico como elemento de entrada Culture.
9 (RLIN) 112
650 #0 - PUNTO DE ACCESO ADICIONAL DE MATERIA--TÉRMINO DE MATERIA
Término de materia o nombre geográfico como elemento de entrada Cultura
9 (RLIN) 113
650 #0 - PUNTO DE ACCESO ADICIONAL DE MATERIA--TÉRMINO DE MATERIA
Término de materia o nombre geográfico como elemento de entrada Civilization, Modern
Subdivisión cronológica 1950-
9 (RLIN) 114
650 #0 - PUNTO DE ACCESO ADICIONAL DE MATERIA--TÉRMINO DE MATERIA
Término de materia o nombre geográfico como elemento de entrada Civilización moderna
9 (RLIN) 115
650 #0 - PUNTO DE ACCESO ADICIONAL DE MATERIA--TÉRMINO DE MATERIA
Término de materia o nombre geográfico como elemento de entrada Ethnicity.
9 (RLIN) 116
650 #0 - PUNTO DE ACCESO ADICIONAL DE MATERIA--TÉRMINO DE MATERIA
Término de materia o nombre geográfico como elemento de entrada Etnología
9 (RLIN) 117
650 #0 - PUNTO DE ACCESO ADICIONAL DE MATERIA--TÉRMINO DE MATERIA
Término de materia o nombre geográfico como elemento de entrada Mass media
Subdivisión general Social aspects.
9 (RLIN) 118
650 #0 - PUNTO DE ACCESO ADICIONAL DE MATERIA--TÉRMINO DE MATERIA
Término de materia o nombre geográfico como elemento de entrada Medios de comunicación
9 (RLIN) 119
830 #0 - PUNTO DE ACCESO ADICIONAL DE SERIE-TÍTULO UNIFORME
Título uniforme Public worlds ;
Designación de volumen o secuencia v. 1.
9 (RLIN) 120
900 ## - ELEMENTOS DE DATOS A LOCAL, LDA (RLIN)
Numeración TOC
948 2# - PROCESAMIENTO DE INFORMACIÓN LOCAL (OCLC); DESIGNADOR DE PARTE DE LA SERIE (RLIN)
Designador de la parte de la serie, SPT (RLIN) 20060410
b (OCLC) a
c (OCLC) rad1
d (OCLC) MPS
Holdings
Estatus retirado Estado de pérdida Fuente del sistema de clasificación o colocación Estado de daño No para préstamo Biblioteca de origen Biblioteca actual Ubicación en estantería Fecha de adquisición Total de préstamos Signatura topográfica completa Código de barras Visto por última vez Precio de reemplazo Tipo de ítem Koha
    Clasificación Decimal Dewey     Biblioteca LadoV Biblioteca LadoV   14/02/2014   306 AP646m 000013 14/02/2014 14/02/2014 Material 01